000 02139cam a22004814i 4500
003 PE-LiUPU
005 20250731184521.0
008 150617s r 000 0 d
035 _a(Sirsi) a18724
040 _aPE-LiUPU
_bspa
_cPE-LiUPU
_erda
049 _aPRUA
082 0 4 _a918.508
_bD419
_221
245 0 0 _aDepartamento de Ucayali /
_c[director, Pedro Felipe Cortázar].
264 1 _aLima :
_bIOPPE,
_c1986.
300 _a159 páginas :
_bilustraciones, mapas, retratos ;
_c20 cm.
336 _atext
_2rdacontent
337 _aunmediated
_2rdamedia
338 _avolume
_2rdacarrier
490 0 _aDocumental del Perú. Enciclopedia Nacional Básica ;
_v23
505 0 _aLaguna de Yarinacocha -- Contamaná, -El Purús -- Ciudad de Pucallpa -- Rutas -- Los Shipibo Conibo -- Instituto Lingüístico de Verano -- Curanderismo de la selva -- Pucallpa -- Contamaná -- El Instituto Indigenista Peruano -- Programas de desarrollo -- Feria regional -- La región Ucayali -- Propuesta de la Corde de Ucayali.
520 _aContiene características principales del departamento de Ucayali su geografía: Laguna de Yarinacocha, Contamana, Pucallpa, Purus, rutas de acceso, folklore: los shipibo-conibo, Instituto lingüístico de Verano, la Ayahuasca, datos históricos, instituciones culturales, programas de desarrollo económico de la región, CORDE Ucayali.
526 _aP136
526 _aP135
526 _aP134
526 _aP133
526 _aP144
526 _aP143
526 _aP87
526 _aP35
526 _aP20
526 _aP14
526 _aP10
526 _aP06
651 1 8 _aUcayali (Perú : Departamento)
_xDescripciones y viajes.
_95143
651 1 0 _aUcayali (Perú : Departamento)
_xHistoria.
_95144
700 1 _aCortázar, Pedro Felipe,
_edirector.
_d1925-
740 _aDocumental del Perú : departamento de Ucayali.
910 _ajck
942 _2ddc
_cBK
949 _wDEWEY
_c1
_i27798
_lCCODEBUL1
_mBUL
_p00.00
_r0
_sY
_tBOOK
_u2015-04-22
_xEDUCACION
_zUNKNOWN
_0COMPRA
_o.STAFF. Colección General
980 _81
_gALBERTO SANCHEZ Responsable de Automatización
999 _c18447
_d18447